Electroencephalography in aerospace medicine /

Bibliographic Details
Main Author: Wulfften Palthe, P. M. van
Format: Book
Language:English
Published: [Paris] : [North Atlantic Treaty Organization, Advisory Group for Aerospace Research and Development], [1967]
Series:AGARDograph ; no. 110.
Subjects:

MARC

Tag First Indicator Second Indicator Subfields
LEADER 00000cam a22000001 4500
001 in00000099356
005 20150926125603.0
008 710426s1967 fr a b 00010 eng
010 |a  68099902  
015 |a F*** 
035 |a (OCoLC)00461433 
035 |9 AAL3777AM 
040 |a DLC  |c DLC  |d TXA  |d UtOrBLW 
041 0 |a eng  |b fre 
049 |a TXAM  |c [712744] 
050 0 0 |a TL500  |b .N6 no. 110 
082 0 |a 616.8 
100 1 |a Wulfften Palthe, P. M. van. 
245 1 0 |a Electroencephalography in aerospace medicine /  |c edited by P. M. van Wulfften Palthe. 
264 1 |a [Paris] :  |b [North Atlantic Treaty Organization, Advisory Group for Aerospace Research and Development],  |c [1967] 
300 |a 193 pages :  |b illustrations ;  |c 27 cm. 
336 |a text  |b txt  |2 rdacontent 
337 |a unmediated  |b n  |2 rdamedia 
338 |a volume  |b nc  |2 rdacarrier 
490 1 |a AGARDograph ;  |v 110 
500 |a English or French; summaries in English and French. 
504 |a Includes bibliographies. 
650 0 |a Space medicine. 
650 0 |a Electroencephalography. 
830 0 |a AGARDograph ;  |v no. 110. 
999 |a MARS 
999 f f |s 4146a72e-170a-30de-bff1-7abd553cd16e  |i 208f3f83-b913-323f-9a59-020740c562b9  |t 0 
952 f f |p ric  |a Texas A&M University  |b Rellis Campus  |c Joint Library Facility  |d Remote Storage  |t 0  |e TL500 .N6 no. 110  |h Library of Congress classification  |i unmediated -- volume  |m A14805529501 
998 f f |a TL500 .N6 no. 110  |t 0  |l Remote Storage